Водене на стратегически дела и дела в обществен интерес в България (Запис номер 78733)
[ съкратено ]
| 000 -Лидер | |
|---|---|
| Контролно поле с фиксирана дължина | 01792nam a2200373 c 4500 |
| 003 - Код на организацията, давaща контролен номер | |
| Контролно поле | BLK |
| 005 - Дата и час на последна редакция | |
| Контролно поле | 20240618112411.0 |
| 008 - Елементи от данни с фиксирана дължина | |
| fixed length control field | 180408b bul|||||r ||||||| ||bul|| |
| 010 ## - Наследен системен номер | |
| LC control number | KNG00083199000 |
| 020 ## - Международен стандартен номер на книга ISBN | |
| Международен стандартен номер на книга ISBN | 954-8094-11-8 |
| -- | издат.: Фонд. Бълг. адвокати за правата на човека |
| 040 ## - Източник на каталожния запис | |
| Идентификатор на билиотеката - собственик на записа | BLK |
| 041 ## - Код за език | |
| Код за езика на текст/звукозапис или на отделно заглавие | Български |
| Код за езика КДБФ | Български |
| 080 ## - УДК | |
| Текстов определител УДК | Съдопроизводство (Съдебна процедура). Съдоустройство (Организация на съдилищата и прокуратурата). Вж и 343. 1;344;348 |
| УДК код - определител по УДК | 347.9 |
| УДК определител | (497.2) |
| УДК - код + определител | 347.9(497.2) |
| 139 ## - Редно поле | |
| Редна дума | Калайджиева, Здравка и др. |
| Авторски знак | Кал - К 16 |
| 245 10 - Сведения за заглавието | |
| Заглавие | Водене на стратегически дела и дела в обществен интерес в България |
| Редно поле (дума) | авт.-състав. Здравка Калайджиева; авт.-състав. Михаил Екимджиев. |
| 257 ## - Страна на издаване | |
| Страна на създаване/издаване | България |
| 260 ## - Област на издателските данни | |
| -- | София |
| Име на издателя, разпространителя и проч. | Фонд. Бълг. адвокати за правата на човека |
| Година на издаване | 2005 |
| 300 ## - Физическа характеристика | |
| Страници | 96 с. |
| Размери/Мащаб | 24 см |
| 380 ## - Жанр | |
| Жанр | Обществени науки |
| 500 ## - Общи забележки | |
| Забележка | Офс. изд. - Библиогр. под линия. |
| 504 ## - Забележка за наличие на библиография и др | |
| Забележка за наличие на библиография и под. | под линия |
| 650 #7 - Допълнително описание по предмет – тема | |
| Основно описание – тема или топоним | Съдопроизводство - България |
| Източник на редна или ключова дума | |
| 9 (RLIN) | 172948 |
| 651 #4 - Допълнително описание по предмет - топоним | |
| Географско понятие | България |
| 9 (RLIN) | 241624 |
| 653 ## - Ключова дума – ненормативна | |
| Ключова дума | адвокатура |
| 653 ## - Ключова дума – ненормативна | |
| Ключова дума | съдопроизводство |
| 700 1# - Други автори (авторска отговорност) | |
| Лично име | Калайджиева, Здравка |
| Автороска отговорност (Описва отношението между автора и произведението) | авт.-състав. |
| 9 (RLIN) | 372125 |
| 700 1# - Други автори (авторска отговорност) | |
| Лично име | Екимджиев, Михаил |
| Автороска отговорност (Описва отношението между автора и произведението) | авт.-състав. |
| 9 (RLIN) | 298863 |
| 852 ## - Местоположение | |
| Форматна сигнатура | Цб 239639 |
| 856 4# - Електронен адрес и достъп | |
| Електронен формат | pdf - файл |
| Път до файла /url/ | |
| 856 4# - Електронен адрес и достъп | |
| Електронен формат | pdf - файл |
| Път до файла /url/ | |
| 942 ## - АРТИКУЛИ | |
| Вид на библиотечния материал | Книги |
| Скрит в OPAC | Не |
| 944 ## - СЪЗДАВАНЕ И РЕДАКЦИЯ на ЗАПИСА | |
| Създаване/Редакция | Създаване |
| Дата на регистрацията/редакция | 15.04.2008 |
| Статус, дата на статуса | Геновева Генчева |
| Служител, извършил регистрацията/редакцията | 30560 |
| 944 ## - СЪЗДАВАНЕ И РЕДАКЦИЯ на ЗАПИСА | |
| Създаване/Редакция | Редакция |
| Дата на регистрацията/редакция | 12.08.2011 |
| Статус, дата на статуса | ф / |
| Служител, извършил регистрацията/редакцията | |
| 999 ## - СИСТЕМНИ КОНТРОЛНИ НОМЕРА | |
| Koha biblionumber | 78733 |
| Koha biblioitemnumber | 78733 |
| Код за отписване | Код за изгубен артикул | Код за повреда | Коз за рестрикции | Код за отдаване | Артикулен № | Име на библиотеката - собственик | Име на библиотеката, в която се намира в момента | Статус (Текущо местоположение) | Дата на вписване в системата | Местоположение - отдел | Цена в лева | Инвентарен номер | Систематично азбучна сигнатура | Баркод | Номер на екземпляра | Цена в евро | Служебна бележка | Служебен тип на артикула |
|---|---|---|---|---|---|---|---|---|---|---|---|---|---|---|---|---|---|---|
| Не е изгубен | Не е повреден | без рестрикции | ползва се в читалня | 127374 | Регионална библиотека "Любен Каравелов" Русе | Регионална библиотека "Любен Каравелов" Русе | Хранилище | 2008-04-16 | Хранилище | 0.00 | 120000725556 | Цб 239639 | 120000725556 | 1 | 0.00 | Дост: Dp Вид: Д N: 10 Дата: 06.02.2008 | Книги | |
| Не е изгубен | Не е повреден | без рестрикции | заемане за дома | 127375 | Регионална библиотека "Любен Каравелов" Русе | Регионална библиотека "Любен Каравелов" Русе | Заемна - подръчен фонд | 2011-07-04 | Заемна - подръчен фонд | 7.00 | 120000751699 | П 347/К 16 | 120000751699 | 2 | 3.58 | Дост: DA Вид: А N: 11 Дата: 04.07.2011 Дата инв: 07.02.2018 Бележки инв: П2018 | Книги |